Centre SPOTT : t'escoltem, t'informem, t'ajudem, t'acompanyem t'escoltem, t'informem, t'ajudem, t'acompanyem
Publicado:
Barcelona :
Diputació de Barcelona. Centre de prevenció i intervenció en drogodependències SPOTT ,
2015
Descripción Física:
1 tríptic ; il. col. ; 21 x 10 cm.
Idioma:
Catalán
MARC
| LEADER | 00000nam a22000007a 4500 | ||
|---|---|---|---|
| 001 | 26911 | ||
| 003 | agdb | ||
| 005 | 20260324181144.0 | ||
| 008 | 221115b spa||||| |||| 00| 0 cat d | ||
| 017 | |a B 9297-2015 | ||
| 040 | |a agdb | ||
| 245 | |a Centre SPOTT : |b t'escoltem, t'informem, t'ajudem, t'acompanyem | ||
| 260 | |a Barcelona : |b Diputació de Barcelona. Centre de prevenció i intervenció en drogodependències SPOTT ; |c 2015 | ||
| 300 | |a 1 tríptic ; |b il. col. ; |c 21 x 10 cm. | ||
| 650 | 0 | |a Joves |x Rehabilitació |z Barcelona (Província) |9 54660 | |
| 650 | 0 | |9 10466 |a Drogues |x Consum | |
| 710 | 1 | |a Barcelona (Catalunya : Província). |b Centre de Prevenció i Intervenció en Drogodependències SPOTT |9 52862 | |
| 942 | |2 udc |c ARXIU |n 1 | ||
| 952 | |0 0 |1 0 |2 udc |4 0 |6 FU7317 |7 1 |9 64199 |a Arxiu |b Arxiu |d 2022-11-15 |l 0 |o FU-73-17 |p 26911 |r 2022-11-15 00:00:00 |w 2022-11-15 |y ARXIU | ||
| 999 | |c 82750 |d 82750 | ||